| 000 | 00715nam a2200229 u 4500 | ||
|---|---|---|---|
| 005 | 20240612064044.0 | ||
| 008 | 121015s2008 ea r 000 0 spa d | ||
| 020 | _a9781407533186 | ||
| 035 | _aUPN01000187527 | ||
| 049 | _aI | ||
| 050 | 4 |
_aBJ1857 C5 _bH3.6 |
|
| 100 | 1 |
_aHarker, Jillian _932693 |
|
| 245 | 1 | 1 |
_a¡Por favor! ¡gracias! / _cJillian Harker ; il. Rachael O'Neill ; tr. Queralt Vila Vergés. |
| 260 |
_aReino Unido : _bParragón. _c2008. |
||
| 300 |
_a30 p. : _bprincipalmente il. col. |
||
| 440 | 0 | _aBuenos modales | |
| 650 | 4 |
_aETIQUETA PARA NIÑOS Y JOVENES _916370 |
|
| 650 | 4 |
_aCortesía _911263 |
|
| 650 | 4 |
_aLibros y lectura para niños _92290 |
|
| 905 | _aInfantil | ||
| 999 |
_c159630 _d159630 |
||